| 000 | 01051nam a22002297a 4500 | ||
|---|---|---|---|
| 003 | OSt | ||
| 005 | 20260124090037.0 | ||
| 008 | 230623b ||||| |||| 00| 0 eng d | ||
| 040 | _cSSBU | ||
| 041 | _ashan | ||
| 082 | _a375 | ||
| 100 |
_aၵႃႇလိင်ႇတႃႉ _cဢူး၊ ၵျွင်းသြႃႇ _926593 |
||
| 245 |
_aမႂ်ႇသုင်လိၵ်ႈတႆးၸၼ်ႉၼိုင်ႈ _cၵျွင်းသြႃႇဢူးၵႃႇလိင်ႇတႃႉ |
||
| 260 |
_aသီႇပေႃႉ _bတိူၵ်ႈပေႃႉလိၵ်ႈမိၵ်ႈသိူဝ် _c1959 |
||
| 300 |
_a84 ၼႃႈ _bႁၢင်ႈ၊ လွၵ်း _c18 ၸိၼ်ႇထီႇ |
||
| 500 | _aS-SAT: Dr. Prof Sai Aung Tun | ||
| 500 | _aပပ်ႉၸဝ်ႈတႃႇၼႁင်းၶေႃတွၵ်ႇတိူဝ်ႇၸၢႆးဢွင်ႇထုၼ်းလူႇတၢၼ်းဝႆး | ||
| 650 |
_aပပ်ႉၵၢၼ်ႁဵၼ်း _97196 |
||
| 942 | _cBK1 | ||
| 942 | _2ddc | ||
| 942 | _2ddc | ||
| 999 |
_c26209 _d26209 |
||